| 000 | 00674nam a2200169Ia 4500 | ||
|---|---|---|---|
| 003 | GCL | ||
| 008 | 140319s9999 xx 000 0 ara d | ||
| 040 |
_aGCL / _cGCL |
||
| 082 | 0 | 4 |
_a920.71 _bا م |
| 100 | 1 | _aابن الابار : ابوعبدالله محمد بن عبدالله بن ابى بكر | |
| 245 | 1 | 0 |
_aالمعجم فى اصحاب القاضى ابى على الصدفى / _cابن الابار : ابوعبدالله محمد بن عبدالله بن ابى بكر |
| 260 |
_aبيروت : _bدار صادر ، _c1967 |
||
| 300 |
_aمتعدد ؛ _c28 سم |
||
| 490 |
_aالمكتبة الاندلسية _v0 |
||
| 650 | 0 | 4 | _aالتراجم |
| 942 |
_2ddc _cBK |
||
| 999 |
_c43511 _d43511 |
||